000
00229nam a2200121Ia 4500
100
_a
SHOLOKHOV/STEPHEN
942
_c
BK
245
_a
VIRGIN SOIL UPTURNED
260
_b
#N/A
300
_a
332
546
_a
ENGLISH
999
_c
26163
_d
26163